000 01332nam a2200265 a 4500
001 000021500
005 20251120073732.0
008 100908s1988 dr r 001 0 spa d
040 _aDO-SdBNP
_bspa
_cBNPHU
082 _a510.2433
_bL865m, 1988
100 1 _aLora, Ricardo
_911771
245 1 0 _aMatemáticas financieras /
_cRicardo Lora.
250 _a5a. ed.
260 _aSantiago de los Caballeros :
_bUCMM,
_c1988.
300 _a260 p. :
_bgraf. ;
_c25 cm.
490 1 _aTextos
500 _aIncluye datos biográficos del autor en la contracubierta
505 0 _aLos números. Repaso de algunas operaciones - Exponentes. Logaritmos; concepto, tabla y su uso - Algunas nociones de estadística - Depreciación - Descuento comercial - Calculo de precios y beneficio - Interés simple - Valor actual u descuento bancario - Interés compuesto - Anualidades vencidas u ordinarias - Anualidades anticipadas y diferidas - Amortización - Bonos. Algunas operaciones - Caso general de las anualidades ciertas.
590 _aInventariado, 2018/BT
650 4 _aMatemáticas financieras
_xEnseñanzas
_911772
650 4 _aMatemáticas financieras
_xProblemas, ejercicios, etc.
_97100
710 2 2 _aPontificia Universidad Católica Madre y Maestra
_9843
830 0 _aTextos
_914460
910 _aValidado. Control de calidad. MFF
999 _c21000
_d21000